Pensar con Foucault : nuevos horizontes e imaginarios en educación /
Gespeichert in:
| 1. Verfasser: | |
|---|---|
| Weitere Verfasser: | |
| Format: | Buch |
| Sprache: | Spanish |
| Veröffentlicht: |
México :
Universidad Autónoma de Zacatecas,
2011
|
| Schriftenreihe: | Educación, debates e imaginario social, 13 / Alicia de Alba; Cultura, curriculum y procesos institucionales, 19 / Manuel Martínez Delgado
|
| Schlagworte: | |
| Tags: |
Tag hinzufügen
Keine Tags, Fügen Sie den ersten Tag hinzu!
|
MARC
| LEADER | 00000nam a2200000Ia 4500 | ||
|---|---|---|---|
| 008 | 170203b2011 cr ||||| |||| 00| | spa d | ||
| 999 | |c 479 |d 479 | ||
| 020 | |a 9786077678540 | ||
| 090 | |a 06.02.01 |b 1708 | ||
| 100 | 1 | |9 2185 |a Alba, Alicia de | |
| 245 | 1 | 0 | |a Pensar con Foucault : nuevos horizontes e imaginarios en educación / |c Alicia de Alba; Manuel Martínez Delgado, coordinadores |
| 260 | |a México : |b Universidad Autónoma de Zacatecas, |c 2011 | ||
| 300 | |a 240 páginas | ||
| 490 | |a Educación, debates e imaginario social, 13 / Alicia de Alba; Cultura, curriculum y procesos institucionales, 19 / Manuel Martínez Delgado | ||
| 600 | 1 | 4 | |9 2169 |a FOUCAULT, MICHEL |
| 650 | 0 | |a EDUCACIÓN |9 1 | |
| 700 | 1 | |a Martínez Delgado, Manuel |9 2012 | |
| 942 | |i 002473,002474 |h 06.02.01 1708 |2 z |c 01 | ||



